00680nam a22002177a 4500001000700000003000900007005001700016007000700033008004800040020001700088040002200105092001700127245006900144260005800213300003000271910000700301942001200308952010400320956002300424999001500447240038DO-SdBNP20160329151355.0240038160329b 1997 xxu xxu||||| |||| 00| 0 spa d a 0030968305  aBPMSUbspacBPMSU axxxxxbxxxxx00aElements of literature program cprogram authors, Robert Probst  aAustin, Texas : bHolt, Rinehart and Winston, c1997. av.bil., retrs. c26 cm.  a10 2ddccBK 00102ddc40708EXTaBPMETbBPMETd2016-03-29eFUNDIl0pBPMET16030304r2016-03-29w2016-03-29yBK 2LOPEREZ3106BPMSU c9420d9420